000 01020nam a2200277 a 4500
001 3932818
003 ARRUPE
005 20141002150555.0
008 920722s1991 sz b 000 0 eng
010 _a 92189200
020 _a2825410365
040 _aDLC
_cDLC
050 0 0 _aBT999
_b.C55 1991
082 0 0 _a238/.142
_220
245 0 0 _aConfessing the one faith :
_ban ecumenical explication of the apostolic faith as it is confessed in the Nicene-Constantinopolitan Creed (381).
260 _aGeneva :
_bWCC Publications,
_cc1991.
300 _aviii, 139 p. ;
_c22 cm.
440 0 _aFaith and order paper ;
_vno. 153
_911983
500 _a"New revised version"--Cover.
504 _aIncludes bibliographical references (p. [121]-124).
630 0 0 _aNicene Creed.
_911984
710 2 _aWorld Council of Churches.
_911985
906 _a7
_bcbc
_corignew
_d2
_encip
_f19
_gy-gencatlg
942 _2lcc
_cMONOGRAPH
999 _c121051
_d121051